Central Library OPAC University of Rajshahi

The Arab civilization / (Record no. 30941)

MARC details
000 -LEADER
fixed length control field 00813nam a2200253 a 4500
001 - CONTROL NUMBER
control field 30941
003 - CONTROL NUMBER IDENTIFIER
rucl marc code BD-RjUL
005 - DATE AND TIME OF LATEST TRANSACTION
control field 20211209051635.0
008 - FIXED-LENGTH DATA ELEMENTS--GENERAL INFORMATION
fixed length control field 860101s1926 enk 000 0 eng d
035 ## - SYSTEM CONTROL NUMBER
System control number (BD-RjUL)31028
040 ## - CATALOGING SOURCE
Original cataloging agency DLC
Transcribing agency ABC
Modifying agency EQO
-- BD-RjUL
Language of cataloging eng
041 1# - LANGUAGE CODE
Language code of text/sound track or separate title engger
082 ## - DEWEY DECIMAL CLASSIFICATION NUMBER
Edition number 23
Classification number 909.0974927
Author mark and year HEA 1926
100 1# - MAIN ENTRY--PERSONAL NAME
Personal name Hell, Joseph,
Dates associated with a name 1875-1950.
9 (RLIN) 99071
245 14 - TITLE STATEMENT
Title The Arab civilization /
Statement of responsibility, etc. translated from the German of Joseph Hell ; by S. Khuda Bukhsh.
250 ## - EDITION STATEMENT
Edition statement [1st ed.]
260 ## - PUBLICATION, DISTRIBUTION, ETC. (IMPRINT)
Place of publication, distribution, etc. Cambridge :
Name of publisher, distributor, etc. W. Heffer,
Date of publication, distribution, etc. 1926.
300 ## - PHYSICAL DESCRIPTION
Pagination xvii, 128 p. ;
Size 22 cm.
504 ## - BIBLIOGRAPHY, ETC. NOTE
Bibliography, etc "Literature": p. 122-124 - Includes index.
650 #0 - SUBJECT ADDED ENTRY--TOPICAL TERM
Topical term or geographic name as entry element Civilization, Arab.
9 (RLIN) 225962
651 #0 - SUBJECT ADDED ENTRY--GEOGRAPHIC NAME
Geographic name Islamic Empire
General subdivision History.
9 (RLIN) 225963
700 1# - ADDED ENTRY--PERSONAL NAME
Personal name Bukhsh, S. Khuda
Dates associated with a name 1877-1931.
942 ## - ADDED ENTRY ELEMENTS (KOHA)
Source of classification or shelving scheme Dewey Decimal Classification
Koha item type Rare Books
Holdings
Lost status Source of classification or shelving scheme Damaged status Not for loan Collection code Permanent Location Current Location Shelving location Date acquired Total Checkouts Full call number Date last seen Copy number Koha item type
  Dewey Decimal Classification   Not For Loan Rare Books Central Library, University of Rajshahi Central Library, University of Rajshahi Rare Book Section 13/12/2018   RA 909.0974927 HEA 1926 13/12/2018 C-1 Rare Books